| 000 | 00570 am a2200217 4500 | ||
|---|---|---|---|
| 001 | 200466898 | ||
| 003 | TR-AnTOB | ||
| 005 | 20260212121534.0 | ||
| 008 | 030208s1972 tur tur d | ||
| 040 | _cTR-AnTOB | ||
| 041 | _atur | ||
| 099 | _aWL 102 TAN 1972 | ||
| 100 | 1 | _aTanalp, Rüknettin | |
| 245 | 1 | 0 |
_aDuyu fizyolojisi/ _cR.Tanalp. |
| 260 |
_aAnkara : _b[yayl.y.] , _c1972. |
||
| 300 |
_aV, 229 s. : _btbl. ,grf. ,şkl. ; _c24 cm. |
||
| 504 | _aİndeks : 225-229 ss. | ||
| 942 |
_2lcc _cBK |
||
| 999 |
_c200466898 _d85110 |
||